Dopasuj imię do nazwiska - polskie aktorki - Statystyki

Ogólne statystyki
  • Ten quiz został rozwiązany 102 razy
  • Średni wynik to 12 z 20
Statystyki odpowiedzi
Hint Odpowiedź % Poprawnych
Małgorzata Kożuchowska
88%
Agnieszka Dygant
86%
Grażyna Szapołowska
82%
Olga Bołądź
81%
Bożena Dykiel
81%
Agata Kulesza
79%
Krystyna Feldman
65%
Emilia Krakowska
58%
Iga Cembrzyńska
56%
Hanna Śleszyńska
54%
Edyta Jungowska
53%
Gabriela Kownacka
53%
Barbara Brylska
49%
Danuta Szaflarska
49%
Alina Janowska
47%
Ewa Szykulska
46%
Joanna Trzepiecińska
42%
Jadwiga Barańska
35%
Marzena Trybała
28%
Zofia Mrozowska
26%
Nie znaleziono quizów pasujących do podanych kryteriów
Rozkład punktacji
Procent ludzi z każdym wynikiem
Percentyl według liczby udzielonych odpowiedzi
Twoja historia wyników
Nie rozwiązałeś tego quizu